| 000 | 00367nam a2200121Ia 4500 | ||
|---|---|---|---|
| 008 | 190920s9999||||xx |||||||||||||| ||und|| | ||
| 082 | _a004 | ||
| 245 | 0 | _aFOX IT: Welcome to Fox IT Service Management Training ITIL Intermediate Lifecycle Course Service Operations | |
| 250 | _a1st Edition | ||
| 260 |
_aHampshire _bFox IT SM Ltd. _c2014 |
||
| 300 | _a459p. | ||
| 942 | _cBK | ||
| 999 |
_c7336 _d7336 |
||